[Event "Paracin Prestige op"]
[Site "Paracin"]
[Date "2024.01.20"]
[Round "7"]
[White "Barrish, Daniel"]
[Black "Tsydendambaev, Artur"]
[Result "1-0"]
[WhiteElo "2347"]
[BlackElo "2011"]
[PlyCount "83"]
[EventDate "2024.01.15"]
[EventType "swiss"]
[EventRounds "9"]
[EventCountry "SRB"]
[SourceTitle "CB05_2024"]
[SourceDate "2024.01.31"]
[SourceVersion "1"]
[SourceVersionDate "2024.01.31"]
[SourceQuality "1"]

1. e4 c5 2. Nf3 Nc6 3. Bb5 g6 4. 0-0 Bg7 5. c3 Nf6 6. Re1 0-0 7. d4 d5 8. e5 Ne4 9. Bxc6 bxc6 10. Be3 cxd4 11. cxd4 Rb8 12. Qc1 Bf5 13. Nc3 f6 14. exf6 exf6 15. Nd2 Nd6 16. Na4 Rc8 17. Nb3 Rf7 18. Bh6 g5 19. Bxg7 Kxg7 20. Nac5 Re7 21. Qc3 Rcc7 22. Na5 Qe8 23. Na6 Rxe1+ 24. Rxe1 Re7 25. Rxe7+ Qxe7 26. Qe3 Qd8 27. Nxc6 Qb6 28. Ncb4 Bc8 29. Qe7+ Kg6 30. h4 Bxa6 31. Nxd5 Qxd4 32. Qxd6 Qe5 33. Ne7+ Kf7 34. Qxe5 fxe5 35. Nc6 gxh4 36. Nxe5+ Ke6 37. Nc6 Kd6 38. Nxa7 Kc5 39. a4 Kb4 40. Nb5 Kb3 41. f4 Kxb2 42. f5 1-0

[Event "Paracin Prestige op"]
[Site "Paracin"]
[Date "2024.01.17"]
[Round "3"]
[White "Stanojevic, Ilija"]
[Black "Tsydendambaev, Artur"]
[Result "1/2-1/2"]
[WhiteElo "2206"]
[BlackElo "2011"]
[PlyCount "67"]
[EventDate "2024.01.15"]
[EventType "swiss"]
[EventRounds "9"]
[EventCountry "SRB"]
[SourceTitle "CB05_2024"]
[SourceDate "2024.01.31"]
[SourceVersion "1"]
[SourceVersionDate "2024.01.31"]
[SourceQuality "1"]

1. d4 Nf6 2. c4 g6 3. g3 Bg7 4. Bg2 0-0 5. Nc3 d6 6. Nf3 c5 7. d5 e6 8. 0-0 exd5 9. cxd5 Re8 10. Bf4 Na6 11. Re1 Bg4 12. h3 Bxf3 13. Bxf3 Nd7 14. e4 Ne5 15. Be2 c4 16. Be3 Qc8 17. Kg2 Nc5 18. Qc2 Ned3 19. Rh1 f5 20. Bxc5 Qxc5 21. Bxd3 cxd3 22. Qxd3 Bxc3 23. Rac1 fxe4 24. Qxc3 Qxc3 25. Rxc3 Re5 26. Rc7 Rxd5 27. Re1 Rd2 28. Rxe4 Rf8 29. g4 Rdxf2+ 30. Kg3 R2f7 31. Ree7 Rxe7 32. Rxe7 Rf7 33. Re8+ Rf8 34. Re7 1/2-1/2

[Event "Bryansk Zilberstein Memorial 5th"]
[Site "Bryansk"]
[Date "2021.07.29"]
[Round "1"]
[White "Tsydendambaev, Artur"]
[Black "Gabrielian, Artur"]
[Result "0-1"]
[WhiteElo "2073"]
[BlackElo "2460"]
[PlyCount "88"]
[EventDate "2021.07.29"]
[EventType "swiss (rapid)"]
[EventRounds "11"]
[EventCountry "RUS"]
[SourceTitle "CBM 203 Extra"]
[Source "ChessBase"]
[SourceDate "2021.09.30"]
[SourceVersion "1"]
[SourceVersionDate "2021.09.30"]
[SourceQuality "1"]

1. c4 Nf6 2. g3 g6 3. Bg2 Bg7 4. Nc3 0-0 5. d4 d6 6. Nf3 Nbd7 7. 0-0 e5 8. e4 exd4 9. Nxd4 Re8 10. h3 Nc5 11. Re1 Bd7 12. Rb1 a5 13. b3 h6 14. f3 Nh5 15. g4 Nf6 16. Be3 a4 17. b4 Ne6 18. f4 a3 19. Nf3 Nxg4 20. hxg4 Bxc3 21. Rf1 Bg7 22. Qd2 Nf8 23. f5 g5 24. Nd4 Nh7 25. Bf3 Nf6 26. Qd3 Qe7 27. Rbe1 Qe5 28. Bf2 Ra4 29. Nc2 Bc6 30. Kg2 Nxe4 31. b5 Nxf2 32. Rxf2 Qc3 33. Rxe8+ Bxe8 34. Qxc3 Bxc3 35. Bxb7 Rxc4 36. Ne3 Rc5 37. Bc6 Bxc6+ 38. bxc6 Bd4 39. Kf3 Rc3 40. Re2 d5 41. Re1 Bxe3 42. Rxe3 d4 43. Rxc3 dxc3 44. Ke3 h5 0-1

[Event "Malaya Zemlya op"]
[Site "Novorossiysk"]
[Date "2021.07.20"]
[Round "9"]
[White "Aleksandrov, Danila"]
[Black "Tsydendambaev, Artur"]
[Result "1/2-1/2"]
[WhiteElo "2199"]
[BlackElo "2073"]
[PlyCount "121"]
[EventDate "2021.07.12"]
[EventType "swiss"]
[EventRounds "9"]
[EventCountry "RUS"]
[SourceTitle "CBM 203 Extra"]
[Source "ChessBase"]
[SourceDate "2021.09.30"]
[SourceVersion "1"]
[SourceVersionDate "2021.09.30"]
[SourceQuality "1"]

1. e4 Nf6 2. e5 Nd5 3. d4 d6 4. Nf3 g6 5. Bc4 Nb6 6. Bb3 Bg7 7. Ng5 e6 8. Qf3 Qe7 9. Ne4 dxe5 10. Bg5 Qb4+ 11. c3 Qa5 12. Bf6 0-0 13. Bxg7 Kxg7 14. Qf6+ Kg8 15. Qxe5 Qxe5 16. dxe5 a5 17. a4 Kg7 18. 0-0 Bd7 19. Nbd2 Bc6 20. Rfe1 Rd8 21. f4 Na6 22. Re2 Nd7 23. Bc2 Ndc5 24. Nf6 Nd3 25. Bxd3 Rxd3 26. Nb3 b6 27. Nd4 Bb7 28. Ng4 Rd8 29. Nf2 R8xd4 30. cxd4 Rxd4 31. Rd1 Rxa4 32. Ng4 Nb4 33. Rd7 Nd5 34. g3 Bc6 35. Rd8 h5 36. Nf6 Nxf6 37. exf6+ Kxf6 38. Rc2 Ke7 39. Rdd2 Bd5 40. Rxc7+ Kf6 41. Kf2 Rb4 42. Rdc2 e5 43. Rd2 Be6 44. fxe5+ Kxe5 45. Rc3 a4 46. Re2+ Kf6 47. Rf3+ Ke7 48. Rd2 g5 49. Rfd3 Rb5 50. Rd4 Rf5+ 51. Ke3 b5 52. Rc2 Bc4 53. Rf2 Rc5 54. Re4+ Be6 55. Rd4 Rc6 56. Re4 a3 57. bxa3 Rc3+ 58. Kd4 Rxa3 59. Re5 h4 60. gxh4 gxh4 61. Rxb5 1/2-1/2

[Event "Izmailov Memorial op 17th"]
[Site "Tomsk"]
[Date "2013.06.19"]
[Round "9"]
[White "Khanin, Semen"]
[Black "Tsydendambaev, Artur"]
[Result "1-0"]
[WhiteElo "2244"]
[BlackElo "2070"]
[PlyCount "79"]
[EventDate "2013.06.11"]
[EventType "swiss"]
[EventRounds "9"]
[EventCountry "RUS"]
[SourceTitle "EXT 2014"]
[Source "ChessBase"]
[SourceDate "2013.11.20"]
[SourceVersion "1"]
[SourceVersionDate "2013.11.20"]
[SourceQuality "1"]

1. e4 g6 2. d4 Bg7 3. Nc3 d6 4. Nf3 Nf6 5. Be2 0-0 6. 0-0 e6 7. h3 Nc6 8. Be3 h6 9. Qd2 Kh7 10. Ne1 b6 11. g4 e5 12. d5 Nd4 13. Bd3 c5 14. dxc6 Nxc6 15. Rd1 Be6 16. Qe2 Rc8 17. Nf3 Nb4 18. Rfe1 Qe7 19. a3 Nxd3 20. Qxd3 Rfd8 21. Qb5 Bd7 22. Qb4 Bc6 23. Bc1 Qb7 24. g5 a5 25. Qb3 hxg5 26. Bxg5 Rd7 27. Bxf6 Bxf6 28. Nd5 Bxd5 29. Rxd5 Kg7 30. Red1 Qc7 31. R1d2 Rh8 32. Kg2 Rdd8 33. Qd3 Be7 34. Ne1 Rh4 35. c3 Rf8 36. Nf3 Rh5 37. Qe2 Qc8 38. Ng1 Qe6 39. R5d3 f5 40. Rf3 1-0